| Tag |
First Indicator |
Second Indicator |
Subfields |
| LEADER |
00000cam a2200000 i 4500 |
| 001 |
in00000807413 |
| 005 |
20180718084155.0 |
| 008 |
770901s1977 dcuab b f000 0 eng c |
| 035 |
|
|
|a (OCoLC)ocm03252611
|
| 035 |
|
|
|a (OCoLC)3252611
|
| 037 |
|
|
|b 20410
|
| 040 |
|
|
|a GPO
|b eng
|e rda
|c GPO
|d OCLCQ
|d OCLCF
|d OCLCQ
|d OCLCO
|d TXA
|d UtOrBLW
|
| 042 |
|
|
|a pcc
|
| 043 |
|
|
|a n-us-or
|
| 049 |
|
|
|a TXAM
|
| 050 |
|
4 |
|a GB1399.2
|
| 074 |
|
|
|a 594-C-40
|
| 082 |
0 |
4 |
|a 368.
|
| 086 |
0 |
|
|a HH 10.9:W 56
|
| 245 |
0 |
0 |
|a Flood insurance study.
|p City of Wheeler, Oregon, Tillamook County.
|
| 246 |
3 |
0 |
|a City of Wheeler, Oregon, Tillamook County
|
| 264 |
|
1 |
|a [Washington, D.C.] :
|b U.S. Department of Housing & Urban Development, Federal Insurance Administration,
|c [1977]
|
| 300 |
|
|
|a ii, 13 pages :
|b illustrations, map ;
|c 28 cm
|
| 336 |
|
|
|a text
|b txt
|2 rdacontent
|
| 337 |
|
|
|a unmediated
|b n
|2 rdamedia
|
| 338 |
|
|
|a volume
|b nc
|2 rdacarrier
|
| 500 |
|
|
|a Title from cover.
|
| 500 |
|
|
|a "February 1977."
|
| 500 |
|
|
|a Location map on cover.
|
| 500 |
|
|
|a Hydrologic and hydraulic analyses performed by Army Corps of Engineers, Portland District, for Federal Insurance Administration, under Inter-agency agreement number H-16-75, project order number 16.
|
| 504 |
|
|
|a Includes bibliographical references (page 13).
|
| 650 |
|
0 |
|a Flood forecasting
|z Oregon
|z Wheeler.
|
| 650 |
|
0 |
|a Flood forecasting
|z Oregon
|z Tillamook County.
|
| 650 |
|
0 |
|a Flood insurance
|z Oregon
|z Wheeler.
|
| 650 |
|
0 |
|a Flood insurance
|z Oregon
|z Tillamook County.
|
| 650 |
|
7 |
|a Flood insurance.
|2 fast
|0 (OCoLC)fst01715819
|
| 651 |
|
0 |
|a Wheeler (Or.)
|0 http://id.loc.gov/authorities/names/n82235171
|
| 651 |
|
0 |
|a Tillamook County (Or.)
|0 http://id.loc.gov/authorities/names/n79081911
|
| 651 |
|
7 |
|a Oregon
|z Wheeler.
|2 fast
|0 (OCoLC)fst01223381
|
| 655 |
|
7 |
|a Technical reports.
|2 lcgft
|0 http://id.loc.gov/authorities/genreForms/gf2015026093
|
| 710 |
1 |
|
|a United States.
|b Army.
|b Corps of Engineers.
|b Portland District.
|0 http://id.loc.gov/authorities/names/n80062788
|
| 710 |
1 |
|
|a United States.
|b Federal Insurance Administration,
|e issuing body.
|0 http://id.loc.gov/authorities/names/n50064822
|
| 856 |
4 |
1 |
|z Available online at HathiTrust:
|u http://hdl.handle.net/2027/txa.ark:/81423/m3rm95
|t 0
|
| 949 |
|
|
|a updated
|b h
|c 2018/5/25
|e spoltoratski
|f 3:38:39 pm
|
| 994 |
|
|
|a C0
|b TXA
|
| 999 |
f |
f |
|s 7fc1909a-9f1b-3593-be8c-d3fb1afea1f2
|i 9bb40057-5745-3366-a3cb-6a9a04d64693
|t 0
|
| 952 |
f |
f |
|a Texas A&M University
|b College Station
|c Electronic Resources
|d Available Online
|t 0
|e HH 10.9:W 56
|g Electronic
|h Superintendent of Documents classification
|
| 998 |
f |
f |
|a HH 10.9:W 56
|t 0
|l Available Online
|